000 00737nam a2200253Ia 4500
003 OSt
005 20220928122238.0
006 a|||||r|||| 00| 0
007 ta
008 220927b |||||||| |||| 00| 0 hin d
020 _c750
024 _a120525
037 _b2078, 10/12/2012, Kiran Book Service
_cTextual
040 _aSDCL
_cSDCL
_bhin
041 _2hin
_ahin
082 _aO152,1H32:g, Q2
100 _aTiwari Nityanand
245 0 _aMadhyayugin Romanchak Aakhayan.
260 _aDelhi
_bShavalikprakashan
_c2012
300 _axiv,278p
_ccm.
650 _aHindi
_9391598
942 _hO152,1H32:g, Q2
_cTEXL
_2CC
999 _c770405
_d770405